Istituzioni di diritto romano
Saved in:
| Main Author: | |
|---|---|
| Format: | Book |
| Language: | Italian |
| Published: |
Milán
Dott. A. Giuffrè
1996
|
| Edition: | 5a. ed |
| Subjects: | |
| Tags: |
Add Tag
No Tags, Be the first to tag this record!
|
MARC
| LEADER | 00000nam a2200000 a 4500 | ||
|---|---|---|---|
| 001 | UCR4489 | ||
| 003 | CL-VaPUC | ||
| 008 | 980309e19960000IT |||||||||||||||||ita|d | ||
| 082 | 0 | 4 | |a 340.54 |b VOC |2 21 |
| 100 | 0 | |a Voci, Pasquale |e author |9 404701 | |
| 245 | 1 | 0 | |a Istituzioni di diritto romano |
| 250 | |a 5a. ed | ||
| 300 | |a 648 p | ||
| 942 | |c BK | ||
| 945 | |d 19980309 00:00:00 |a lriquelm | ||
| 260 | |a Milán |b Dott. A. Giuffrè |c 1996 | ||
| 650 | 0 | |a Derecho romano |9 255930 | |
| 650 | 7 | |a DERECHO ANTIGUO |2 CL-VaPUC |9 404702 | |
| 650 | 0 | |a Historia del derecho |9 255109 | |
| 650 | 0 | |a Fuentes del derecho |9 255162 | |
| 650 | 0 | |a Obligaciones |9 255578 | |
| 650 | 0 | |a Derecho de familia |9 255603 | |
| 650 | 7 | |a MATRIMONIO |2 CL-VaPUC |9 404703 | |
| 650 | 0 | |a Filiación |9 256647 | |
| 650 | 0 | |a Tutela |9 259125 | |
| 650 | 0 | |a Derecho sucesorio |9 255015 | |
| 650 | 0 | |a Donación |9 255016 | |
| 650 | 7 | |a TESTAMENTOS |2 CL-VaPUC |9 255014 | |
| 583 | |a last modification |c 19980309 00:00:00 |k Rodrigo Vera | ||
| 999 | |c 267430 |d 267428 | ||
| 952 | |0 0 |1 0 |4 0 |6 340_540000000000000_VOC_1996 |7 0 |8 DER_ROM |9 299732 |a BIBDER |b BIBDER |d 2019-11-20 |i 1959093 |o 340.54 VOC 1996 |p 1959093 |r 2023-01-25 |w 2019-11-20 |x Ubicación 4to piso |y BK |z Este recurso debe solicitarse con anticipación |k DER | ||